000 00511nam a2200181Ia 4500
001 19126
003 GE_BSU
008 181216s||||||||xx |||||||||||||| ||und||
040 _cGE_BSU
245 _aВокруг света №11(2914) 2016.
245 _bжурнал русского географического общества
260 _aMосква.
260 _c2016
300 _a148стр,ил,29см
653 _aВокруг света
653 _aპერიოდიკა
942 _cCR
999 _c52119
_d52119